|
|
|
|
| LEADER |
00000nas a22000007i 4500 |
| 001 |
ssj0001454258 |
| 003 |
WaSeSS |
| 005 |
20200512172242.0 |
| 006 |
m d |
| 007 |
cr n |
| 008 |
140725c20089999nyuqr p s 0 a0eng |
| 010 |
|
|
|a 2014202917
|
| 022 |
|
|
|a 2374-0833
|y 1939-5930
|
| 035 |
|
|
|a (WaSeSS)ssj0001454258
|
| 037 |
|
|
|b Nova Science Publishers, 400 Oser Ave., Ste. 1600, Hauppauge, NY 11788-3619
|
| 040 |
|
|
|a DLC
|b eng
|c DLC
|d OCLCO
|d COO
|d OCLCQ
|d OCLCO
|d UAB
|d OCLCO
|d Z5A
|d OCLCO
|d OCLCQ
|d AU@
|d OCLCO
|d CUS
|d WaSeSS
|
| 042 |
|
|
|a pcc
|a nsdp
|
| 050 |
0 |
4 |
|a RJ101
|b .I584
|
| 060 |
0 |
0 |
|a W1
|b IN766DD
|
| 082 |
1 |
0 |
|a 613
|2 14
|
| 210 |
0 |
|
|a Intl. j. child adolesc. health
|b (Online)
|
| 222 |
|
0 |
|a International journal of child and adolescent health
|b (Online)
|
| 245 |
0 |
0 |
|a International journal of child and adolescent health
|h [electronic resource].
|
| 260 |
|
|
|a Hauppauge, NY :
|b Nova Science Publishers,
|c 2008-
|
| 310 |
|
|
|a Quarterly
|
| 362 |
1 |
|
|a Began with: Volume 1, number 1 (March 2008).
|
| 506 |
|
|
|a License restrictions may limit access.
|
| 588 |
|
|
|a Description based on: Volume 1,number 1 (March 2008); title from PDF cover image (Nova Science website, viewed on July 25, 2014).
|
| 588 |
|
|
|a Latest issue consulted: Volume 5, number 4 (October/December 2012) (viewed on July 25, 2014).
|
| 650 |
|
0 |
|a Children
|x Health and hygiene
|v Periodicals.
|
| 650 |
|
0 |
|a Teenagers
|x Health and hygiene
|v Periodicals.
|
| 650 |
|
0 |
|a Child development
|v Periodicals.
|
| 650 |
|
0 |
|a Adolescent medicine
|v Periodicals.
|
| 650 |
|
7 |
|a Adolescent medicine.
|2 fast
|0 (OCoLC)fst00797010
|
| 650 |
|
7 |
|a Child development.
|2 fast
|0 (OCoLC)fst00854393
|
| 650 |
|
7 |
|a Children
|x Health and hygiene.
|2 fast
|0 (OCoLC)fst00854953
|
| 650 |
|
7 |
|a Teenagers
|x Health and hygiene.
|2 fast
|0 (OCoLC)fst01145591
|
| 650 |
1 |
2 |
|a Child Welfare
|v Periodicals.
|
| 650 |
2 |
2 |
|a Adolescent.
|
| 650 |
2 |
2 |
|a Health
|v Periodicals.
|
| 650 |
2 |
2 |
|a Human Development
|v Periodicals.
|
| 655 |
|
0 |
|a Electronic journals.
|
| 710 |
2 |
|
|a Nova Science Publishers.
|
| 776 |
0 |
8 |
|i Print version:
|t International journal of child and adolescent health
|x 1939-5930
|w (DLC) 2007212281
|w (OCoLC)166253566
|
| 856 |
4 |
0 |
|z Full text available from Research Library: 01/01/2011 to present
|u https://search.proquest.com/publication/2034872
|